Закладочные смеси на основе магнезиального вяжущего; Проблемы геологии и освоения недр; Т. 2

Bibliographische Detailangaben
Parent link:Проблемы геологии и освоения недр: труды XX Международного симпозиума имени академика М. А. Усова студентов и молодых ученых, посвященного 120-летию со дня основания Томского политехнического университета, Томск, 4-8 апреля 2016 г./ Национальный исследовательский Томский политехнический университет (ТПУ), Институт природных ресурсов (ИПР) ; Общество инженеров-нефтяников, международная некоммерческая организация, Студенческий чаптер ; под ред. А. Ю. Дмитриева.— , 2016
Т. 2.— 2016.— [С. 643-644]
1. Verfasser: Авлезова А. Э.
Körperschaft: Национальный исследовательский Томский политехнический университет (ТПУ) Институт физики высоких технологий (ИФВТ) Кафедра технологии силикатов и наноматериалов (ТСН)
Weitere Verfasser: Митина Н. А. Наталия Александровна (научный руководитель)
Zusammenfassung:Заглавие с экрана
Sprache:Russisch
Veröffentlicht: 2016
Schriftenreihe:Комплексное использование минерального сырья
Schlagworte:
Online-Zugang:http://earchive.tpu.ru/handle/11683/32054
Format: MixedMaterials Elektronisch Buchkapitel
KOHA link:https://koha.lib.tpu.ru/cgi-bin/koha/opac-detail.pl?biblionumber=620053

MARC

LEADER 00000naa2a2200000 4500
001 620053
005 20231101133107.0
035 |a (RuTPU)RU\TPU\conf\18522 
035 |a RU\TPU\conf\18521 
090 |a 620053 
100 |a 20160915d2016 k y0rusy50 ca 
101 0 |a rus 
102 |a RU 
105 |a y z 100zy 
135 |a drgn ---uucaa 
181 0 |a i  
182 0 |a b 
200 1 |a Закладочные смеси на основе магнезиального вяжущего  |f А. Э. Авлезова  |g науч. рук. Н. А. Митина 
203 |a Текст  |c электронный 
225 1 |a Комплексное использование минерального сырья 
230 |a 1 компьютерный файл (pdf; 264 Kb) 
300 |a Заглавие с экрана 
320 |a [Библиогр.: с. 644 (4 назв.)] 
461 1 |0 (RuTPU)RU\TPU\conf\17456  |t Проблемы геологии и освоения недр  |o труды XX Международного симпозиума имени академика М. А. Усова студентов и молодых ученых, посвященного 120-летию со дня основания Томского политехнического университета, Томск, 4-8 апреля 2016 г.  |o в 2 т.  |f Национальный исследовательский Томский политехнический университет (ТПУ), Институт природных ресурсов (ИПР) ; Общество инженеров-нефтяников, международная некоммерческая организация, Студенческий чаптер ; под ред. А. Ю. Дмитриева  |d 2016 
463 1 |0 (RuTPU)RU\TPU\conf\17458  |t Т. 2  |v [С. 643-644]  |d 2016 
610 1 |a труды учёных ТПУ 
610 1 |a электронный ресурс 
610 1 |a закладочные смеси 
610 1 |a магнезиальные вяжущие вещества 
610 1 |a порошки 
610 1 |a магнезиальные породы 
700 1 |a Авлезова  |b А. Э. 
702 1 |a Митина  |b Н. А.  |c химик-технолог  |c доцент Томского политехнического университета, кандидат технических наук  |f 1974-  |g Наталия Александровна  |2 stltpush  |4 727 
712 0 2 |a Национальный исследовательский Томский политехнический университет (ТПУ)  |b Институт физики высоких технологий (ИФВТ)  |b Кафедра технологии силикатов и наноматериалов (ТСН)  |h 93  |2 stltpush  |3 (RuTPU)RU\TPU\col\18694 
801 2 |a RU  |b 63413507  |c 20160929  |g RCR 
856 4 |u http://earchive.tpu.ru/handle/11683/32054 
942 |c BK